| 000 | 00741cam a2200229 a 4500 | ||
|---|---|---|---|
| 999 |
_c3498 _d3498 |
||
| 001 | 14607 | ||
| 003 | BD-DhUAP | ||
| 005 | 20200308112320.0 | ||
| 008 | 200301s1998 bg abf b f000 0 eng | ||
| 040 |
_aBD-DhUAP _cBD-DhUAP _dBD-DhUAP _bEng |
||
| 082 |
_a621.31913 KER _223 |
||
| 100 | _aKerchner, Russell M. | ||
| 245 |
_aAlternating-current circuits / _cRussell M. Kerchner and George F. Corcoran. |
||
| 250 | _a3rd ed. | ||
| 260 |
_aNew York : _bWiley, _cc1955. |
||
| 300 |
_aix, 598 pages : _billustrations ; _c24 cm. |
||
| 504 | _aIncludes bibliographical references and index. | ||
| 650 | _aAlternating electric currents. | ||
| 700 | _aCorcoran, George F. | ||
| 942 |
_2ddc _cBK |
||